Film Québecois par Images #1 - Statistiques

Statistiques générales
  • Ce quiz a été pris 35 fois
  • Le résultat moyen est 4 sur 14
Statistiques - réponses
Par images Réponse % Correct
Dans une Galaxi Près de Chez Vous
68%
Mommy
68%
Menteur
65%
De père en flic
48%
Incendie
42%
Babine
23%
Gaz Bar Blues
13%
23 décembre
10%
Le sens de l'humour
10%
Katak
6%
Le Coq de Saint Victor
3%
Les Mauvaises Herbes
3%
Mission Yéti
3%
Felix et le Trésor de Morgaa
0%
Aucun quiz correspondant
Distribution des résultats
% des personnes avec chaque résultat
Percentile par nombre de réponses
Votre historique - résultats
Vous n’avez pas pris ce quiz